El valor de educar
Guardat en:
| Autor principal: | |
|---|---|
| Format: | Llibre |
| Idioma: | espanyol |
| Publicat: |
Barcelona
Ariel
2011
|
| Edició: | 6a. ed |
| Col·lecció: | BFS, 8
|
| Matèries: | |
| Etiquetes: |
Afegir etiqueta
Sense etiquetes, Sigues el primer a etiquetar aquest registre!
|
MARC
| LEADER | 00000cam a2200000 a 4500 | ||
|---|---|---|---|
| 001 | UCF5185 | ||
| 003 | CL-VaPUC | ||
| 008 | 130123e20110000SP |||||||||||||||||spa|d | ||
| 020 | |a 9788434453647 | ||
| 082 | 0 | 4 | |a 370.1 |b SAV |2 21 |
| 100 | 0 | |a Savater, Fernando |e author |9 566984 | |
| 245 | 1 | 3 | |a El valor de educar |
| 250 | |a 6a. ed | ||
| 300 | |a 227 p | ||
| 942 | |c BK | ||
| 945 | |d 20130123 00:00:00 |a cmena | ||
| 260 | |a Barcelona |b Ariel |c 2011 | ||
| 650 | 0 | |a Filosofía de la educación |9 258384 | |
| 650 | 0 | |a Aprendizaje |9 254827 | |
| 650 | 0 | |a Naturaleza humana |9 308593 | |
| 583 | |a last modification |c 20130123 11:39:00 |k Rodrigo Vera | ||
| 490 | 0 | |a BFS, 8 | |
| 999 | |c 350784 |d 350782 | ||
| 952 | |0 0 |1 0 |4 0 |6 370_100000000000000_SAV_2011 |7 0 |8 A |9 454500 |a BIBMAT |b BIBMAT |c E_DIDACT |d 2019-11-22 |i 4948025 |o 370.1 SAV 2011 |p 4948025 |r 2025-01-07 |w 2019-11-22 |y BK |k MAT | ||